000 01532nam a22002657i 4500
999 _c22905
_d22905
003 AR-CdUCM
008 240521b20222022 pe||||| |||| 00| 0 spa d
020 _a978-612-49070-8-1
040 _aMUNICIPALIDAD PROVINCIAL DEL CUSCO
_cBIBLIOTECA MUNICIPAL DEL CUSCO
082 _a985.04 / D25
_bD25
100 _aDargent Chamot, Eduardo.
_944797
245 _aAlegorías de la libertad /
260 _aLima :
_bMinisterio de Cultura del Perú,
_bProyecto Especial Bicentenario de la Independencia del Perú,
_c2022
300 _a100 páginas. :
_c20 cm.
500 _zBibliografía: páginas 95 - 98
505 _aLas banderas -- Los elementos locales -- El sol en el escudo provisional -- El sol en las medallas -- La medalla del Cusco a Bolívar -- La Orden del Sol -- "Perú libre": La primera moneda de plata -- Los Quartos y Octavo de peso -- La batalla de Pasco -- El ejército Libertador y la armada libertadora -- La fauna local: cóndor y vicuña -- Los andes -- El gorro de la libertad -- Los arboles de la libertad -- La república o la patria -- Las fases -- La constitución y la balanza -- Triángulos y columnas -- José Gil de Castro, el pintor de los libertadores
650 _aLas banderas
_949879
650 _a El sol en el escudo provisional
_949880
650 _aLa Orden del Sol
_949881
650 _a"Perú libre": La primera moneda de plata
_949882
650 _aLos Quartos y Octavo de peso
_949883
856 _fwww.bicentenario.gob.pe/biblioteca
942 _2ddc
_cLIBROS
945 _apbj
_d2024-05-21